01103cam a2200289 a 45000010005000000030006000050050017000110080041000280100017000690200018000860200018001040400027001220500020001490820008001691000026001772450043002032500041002462600035002873000023003224900023003455050007003685200339003755210018007145210018007326500039007506500024007895957FISKH20250211152443.0121023r20132012nyu c 000 1 eng c a 2012042654 a9780545482882 a9780545482882 aNJQ/DLCcNJQdDLCbeng aPZ7.M47841378 C a6401 aMcLean, Hoped(1891-)10aCatch us if you can /cby Hope McLean. aThis edition first published in 2013 aNew York :bScholastic,c2012. a140 page :c20 cm.0 aJewel thieves ;v1 aP  aJasmine, Erin, Willow, and Lili are first year middle school students in Washington, D.C., chosen for the academic quiz team because of their expertise in art, math, science, and history--and when a precious, historical ruby is stolen from the school during a tournament the "Jewels" set out to use their talents to solve the mystery.8 a640 bLexile 8 aP bRaz-Plus  0aSchool contestsvJuvenile fiction. 0aJewel thievesvkids